| Tag |
First Indicator |
Second Indicator |
Subfields |
| LEADER |
00000cam a2200000Ia 4500 |
| 001 |
in00002265021 |
| 005 |
20190326185937.0 |
| 006 |
m | d | |
| 007 |
cr |n||||||||n |
| 008 |
880210s1836 nju s 000 0 eng d |
| 040 |
|
|
|a DLM
|c GKR
|d OCL
|d Thomson Gale
|d UtOrBLW
|
| 043 |
|
|
|a n-us-nj
|a n-us---
|
| 245 |
0 |
0 |
|a Memoir of the Delaware and Raritan Canal and Camden and Amboy Rail Road :
|b April 15, 1836.
|
| 264 |
|
1 |
|a [Princeton, N.J.] :
|b [publisher not identified],
|c [1836]
|
| 264 |
|
3 |
|a Princeton, [N.J.] :
|b J. Bogart
|
| 300 |
|
|
|a 12 pages ;
|c 24 cm.
|
| 336 |
|
|
|a text
|b txt
|2 rdacontent
|
| 337 |
|
|
|a computer
|b c
|2 rdamedia
|
| 338 |
|
|
|a online resource
|b cr
|2 rdacarrier
|
| 500 |
|
|
|a Cover title.
|
| 500 |
|
|
|a Signed: R.F. Stockton [and others], executive committee of the Delaware and Raritan Canal, and Camden and Amboy Rail Road and Transportation Companies.
|
| 500 |
|
|
|a Reproduction of original from Kress Library of Business and Economics, Harvard University.
|
| 500 |
|
|
|a Goldsmiths'-Kress number 29600.14.
|
| 510 |
4 |
|
|a OCLC,
|c 17456272
|
| 533 |
|
|
|a Electronic reproduction.
|b Farmington Hills, Mich. :
|c Thomson Gale,
|d 2005.
|f (The making of the modern world).
|n Available via the World Wide Web.
|n Access limited to licensing agreements.
|7 s2005 miunns
|
| 500 |
|
|
|a Electronic resource.
|
| 651 |
|
0 |
|a Delaware and Raritan Canal (N.J.)
|
| 610 |
2 |
0 |
|a Camden and Amboy Railroad and Transportation Company.
|
| 650 |
|
0 |
|a Canals
|z New Jersey.
|
| 650 |
|
0 |
|a Railroads
|z United States.
|
| 655 |
|
0 |
|a Electronic books.
|
| 710 |
2 |
|
|a Delaware and Raritan Canal Company (N.J.)
|
| 710 |
2 |
|
|a Camden and Amboy Railroad and Transportation Company.
|
| 830 |
|
0 |
|a Making of the modern world (Goldsmiths'-Kress Library of Economic Literature)
|
| 856 |
4 |
0 |
|u http://proxy.library.tamu.edu/login?url=http://galenet.galegroup.com/servlet/MOME?af=RN&ae=U105494890&srchtp=a&ste=14&locID=txshracd2898
|z Connect to the full text of this electronic book
|t 0
|
| 999 |
|
|
|a MARS
|
| 999 |
f |
f |
|s cbca9eb5-fae5-30bb-996b-e543a9f7a6fe
|i 07debfa1-f38e-3bd0-8dd8-6755f3edf9c9
|t 0
|
| 952 |
f |
f |
|a Texas A&M University
|b College Station
|c Electronic Resources
|d Available Online
|t 0
|h No information provided
|
| 998 |
f |
f |
|t 0
|l Available Online
|